000 00530nam a2200181Ia 4500
001 8480
005 20260306160612.0
008 260306t2019||||xx |||||||||||||| ||spa||
041 _aESP
082 _a371.1
_bL757
100 _aLlorent García, Vicente J.
_eAUT
245 0 _aPlanificación e innovación en educación primaria:
_bfundamentos para la elaboración de programaciones y unidades didácticas
260 _c2019
300 _a163 páginas :
_c24 cm.
650 _aGEN
654 _aCED
942 _cLIB
_dJUS
_fJUS
_2ddc
_n
999 _c8480
_d8480